| 000 | 00000nem##2200000za#4500 |
| 001 | 9.616645 |
| 003 | CaOODSP |
| 005 | 20230131161134 |
| 007 | aj |a||| |
| 008 | 150406|2003||||xxc|||| a##f | eng|d |
| 040 | |aCaOODSP|beng |
| 043 | |an-cn--- |
| 086 | 1 |aM48-2023AE |
| 110 | 2 |aGeological Survey of Canada. |
| 245 | 10|aGeology, Wijinnedi Lake Area, Northwest Territories / |h[cartographic material]|cGeological compilation by J.B. Henderson, 1997 and 2000. |
| 255 | |aScale 1:50,000 |
| 260 | |aOttawa - Ontario : |bNatural Resources Canada. |c2003. |
| 300 | |a1 sheet. : |bcoloured maps ; |c75 cm. |
| 490 | 1 |a"A" series map|v2023A |
| 590 | |a03-49|b2003-12-05 |
| 720 | 1 |aHenderson, J. B. |
| 776 | 0#|tGeology, Wijinnedi Lake area, Northwest Territories / |w(CaOODSP)9.579050 |
| 830 | #0|aGeological Survey of Canada, "A" series map ;|v2023A|w(CaOODSP)9.515061 |